[Event "Tournoi francophone 019"]
[Site "Skype"]
[Date "????.??.??"]
[Round "1.1"]
[White "Blanchard, Colette"]
[Black "Deville, Olivier"]
[Result "0-1"]
[WhiteElo "1204"]
[BlackElo "1751"]
[PlyCount "68"]

1. d4 Nf6 2. Nf3 e6 3. h3 c5 4. c3 Nc6 5. Bf4 d5 6. e3 Bd6 7. Bxd6 Qxd6 8. Nbd2
O-O 9. Be2 e5 10. O-O e4 11. Nh4 g5 12. Nf5 Bxf5 13. Nb3 cxd4 14. cxd4 Rac8 15.
Rc1 Nb4 16. Rxc8 Rxc8 17. a3 Nd3 18. Qd2 Qb6 19. Bd1 Bd7 20. Bc2 Nxb2 21. Na1
Nc4 22. Qc3 Qb2 23. Qxb2 Nxb2 24. f3 Nc4 25. Rf2 Nxe3 26. fxe4 Nxe4 27. Bxe4
dxe4 28. Nb3 b6 29. Rd2 Rc3 30. Nc5 bxc5 31. dxc5 Be6 32. Rd8+ Kg7 33. Rd4 Rc4
34. Rd2 Rxc5 0-1

[Event "Tournoi francophone 019"]
[Site "Skype"]
[Date "????.??.??"]
[Round "1.3"]
[White "Milanese, Serge"]
[Black "Lambert, Pierre"]
[Result "0-1"]
[WhiteElo "1202"]
[BlackElo "1660"]
[PlyCount "64"]

1. d4 d5 2. c4 e6 3. Nc3 Nf6 4. a3 Be7 5. Nf3 Nbd7 6. e3 O-O 7. Be2 c6 8. O-O
Qc7 9. Bd3 e5 10. e4 dxe4 11. Nxe4 Nxe4 12. Bxe4 Nf6 13. dxe5 Nxe4 14. Re1 Nc5
15. Bf4 Rd8 16. Qc2 Nd3 17. Re3 Nxf4 18. Kf1 Be6 19. Qe4 Ng6 20. Rae1 c5 21.
Rd3 Rxd3 22. Qxd3 Rd8 23. Qe4 Qd7 24. Re2 Qd3 25. Qxd3 Rxd3 26. Nd2 Nxe5 27.
Rxe5 Rxd2 28. b4 Bxc4+ 29. Ke1 Re2+ 30. Rxe2 Bxe2 31. Kxe2 cxb4 32. axb4 Bxb4
0-1

[Event "Tournoi francophone 019"]
[Site "Skype"]
[Date "????.??.??"]
[Round "1.4"]
[White "Caputi, Giuliano"]
[Black "Trivedi, Viral"]
[Result "1-0"]
[WhiteElo "1638"]
[BlackElo "1202"]
[PlyCount "39"]

1. d4 Nf6 2. Nf3 g6 3. c4 d5 4. cxd5 Nxd5 5. e4 Nb6 6. Nc3 Bg7 7. Be3 O-O 8. h3
N8d7 9. Be2 c5 10. dxc5 Bxc3+ 11. bxc3 Nf6 12. Qxd8 Rxd8 13. cxb6 Nxe4 14. bxa7
Nxc3 15. a4 Nxe2 16. Kxe2 Rd6 17. a5 Be6 18. Bb6 Bc4+ 19. Ke3 Rc8 20. Rac1 1-0

[Event "Tournoi francophone 019"]
[Site "Skype"]
[Date "????.??.??"]
[Round "1.5"]
[White "Radice, Marco"]
[Black "Rochette, Mathieu"]
[Result "0-1"]
[WhiteElo "1198"]
[BlackElo "1603"]
[PlyCount "76"]

1. d4 Nf6 2. Bf4 e6 3. Nf3 c5 4. e3 b6 5. c3 Ba6 6. c4 Nc6 7. Bd3 cxd4 8. exd4
Bb4+ 9. Nc3 O-O 10. O-O Rc8 11. a3 Bxc3 12. bxc3 Na5 13. c5 Bxd3 14. Qxd3 bxc5
15. dxc5 Rxc5 16. Bd6 Rd5 17. Qa6 Re8 18. c4 Nxc4 19. Qxc4 Rxd6 20. Qc2 Qa5 21.
a4 Rc6 22. Qd2 Qxd2 23. Nxd2 d5 24. Nf3 Kf8 25. Nd4 Rc4 26. Nb5 Ke7 27. Nd6
Kxd6 28. a5 Rb8 29. Rfe1 d4 30. g3 e5 31. a6 d3 32. f3 Rb2 33. Rab1 Rxb1 34.
Rxb1 d2 35. Kf2 Rc1 36. Rb6+ axb6 37. a7 d1=Q 38. a8=Q Qd2# 0-1

[Event "Tournoi francophone 019"]
[Site "Skype"]
[Date "????.??.??"]
[Round "1.6"]
[White "Leyton Calderon, Jairo Oswaldo"]
[Black "Busto, Ricardo"]
[Result "1-0"]
[WhiteElo "1541"]
[BlackElo "1194"]
[PlyCount "31"]

1. e4 c5 2. Nc3 Nc6 3. f4 e6 4. Bc4 g6 5. Nf3 Bh6 6. d3 d6 7. O-O Nf6 8. Qe1
O-O 9. Qh4 Bg7 10. f5 exf5 11. exf5 Bxf5 12. Bg5 Re8 13. Nd5 Be6 14. Nxf6+ Bxf6
15. Bxf6 Qd7 16. Qh6 1-0

[Event "Tournoi francophone 019"]
[Site "Skype"]
[Date "????.??.??"]
[Round "1.8"]
[White "Rodier, Marc"]
[Black "Malbec, Robert"]
[Result "1-0"]
[WhiteElo "1512"]
[BlackElo "1174"]
[PlyCount "89"]

1. e4 e5 2. Nf3 Nc6 3. Bb5 a6 4. Ba4 b5 5. Bb3 Bc5 6. O-O Nf6 7. Nxe5 Bxf2+ 8.
Rxf2 Nxe5 9. d4 Neg4 10. e5 Nxf2 11. Qf3 c6 12. Qxf2 O-O 13. exf6 Qxf6 14. Bf4
Bb7 15. Nd2 Rae8 16. Be5 Qxf2+ 17. Kxf2 a5 18. a4 d6 19. Bxd6 Rd8 20. Bxf8 Kxf8
21. Nf3 b4 22. Bc4 Rd6 23. c3 Rf6 24. cxb4 axb4 25. a5 Rd6 26. a6 Ba8 27. Ra4
f6 28. Rxb4 Rd8 29. a7 Ke7 30. Rb8 Kd7 31. b4 Kc7 32. Rxd8 Kxd8 33. b5 Kc7 34.
bxc6 Kb6 35. d5 Kxa7 36. Ke3 Kb6 37. Kd4 Kc7 38. Kc5 h6 39. Nd4 Kd8 40. Ne6+
Ke7 41. Nxg7 Kd8 42. d6 Kc8 43. Ne6 f5 44. d7+ Kb8 45. d8=Q+ 1-0

[Event "Tournoi francophone 019"]
[Site "Skype"]
[Date "????.??.??"]
[Round "1.9"]
[White "Yepez, German"]
[Black "Pourrouquet, Albert"]
[Result "0-1"]
[WhiteElo "1171"]
[BlackElo "1451"]
[PlyCount "64"]

1. e4 c6 2. Nf3 d5 3. exd5 cxd5 4. d4 Nc6 5. c3 Bg4 6. Bd3 e6 7. O-O Bd6 8.
Nbd2 Nf6 9. Re1 Qc7 10. Re2 O-O 11. h3 Bh5 12. g3 Bxg3 13. fxg3 Qxg3+ 14. Rg2
Qxh3 15. Bf1 Qf5 16. Rf2 Ng4 17. Re2 e5 18. dxe5 Ngxe5 19. Bg2 Rae8 20. Qe1 f6
21. Nh4 Qd7 22. Re3 Nd3 23. Qg3 Rxe3 24. Qxe3 Nde5 25. Qg3 Re8 26. Nf1 d4 27.
cxd4 Nxd4 28. Ne3 Ne2+ 29. Kh2 Nxg3 30. Kxg3 Nd3 31. b3 Nxc1 32. Rxc1 Rxe3+ 0-1

[Event "Tournoi francophone 019"]
[Site "Skype"]
[Date "????.??.??"]
[Round "1.10"]
[White "Castillo, David"]
[Black "Nicolini, Francesco"]
[Result "1-0"]
[WhiteElo "1449"]
[BlackElo "1165"]
[PlyCount "99"]

1. d4 c5 2. dxc5 e6 3. Nc3 Bxc5 4. Nf3 Nc6 5. Ne4 Be7 6. Nd6+ Bxd6 7. Qxd6 Qe7
8. Qxe7+ Ngxe7 9. c3 O-O 10. Bf4 d5 11. Rd1 b6 12. Bd6 Rd8 13. Bg3 Ba6 14. Nd4
Rac8 15. e3 Bxf1 16. Rxf1 Na5 17. Nb5 a6 18. Nc7 Nac6 19. a3 a5 20. Nb5 e5 21.
f3 Nf5 22. Bf2 e4 23. g4 Nh6 24. g5 Nf5 25. fxe4 dxe4 26. Nd4 Ncxd4 27. exd4
Re8 28. Ke2 Rc6 29. Bg1 Nh4 30. Be3 Rg6 31. Rf2 Rd6 32. Rf4 Ng2 33. Rf5 g6 34.
Rf2 Nxe3 35. Kxe3 Kg7 36. Rf4 f5 37. gxf6+ Rxf6 38. Rxf6 Kxf6 39. Rf1+ Ke6 40.
Kxe4 Kd6+ 41. Kd3 Re6 42. c4 Re7 43. b4 a4 44. Rf6+ Kc7 45. b5 g5 46. d5 Rg7
47. Ke3 h5 48. Kf3 g4+ 49. Kg3 Re7 50. d6+ 1-0

[Event "Tournoi francophone 019"]
[Site "Skype"]
[Date "????.??.??"]
[Round "1.11"]
[White "Esformes, Jacques"]
[Black "Sequeda Pimiento, Javier Ricardo"]
[Result "0-1"]
[WhiteElo "1147"]
[BlackElo "1395"]
[PlyCount "88"]

1. d4 Nf6 2. Bf4 g6 3. e3 Bg7 4. c3 O-O 5. Bd3 d6 6. f3 Nbd7 7. h3 e5 8. Bh2
exd4 9. exd4 Re8+ 10. Ne2 c5 11. O-O cxd4 12. Nxd4 Qb6 13. Qb3 Qc5 14. Nd2 Nd5
15. Qc4 Qxc4 16. Bxc4 Bxd4+ 17. cxd4 Ne3 18. Rfe1 Nb6 19. Bb3 Bf5 20. Rac1 Nbd5
21. Bxd5 Nxd5 22. Bxd6 Red8 23. Bg3 Nb4 24. Re5 Nd3 25. Rxf5 gxf5 26. Rc2 Rxd4
27. Nb3 Rd5 28. Re2 f4 29. Bh2 Rad8 30. g3 fxg3 31. Bxg3 Rg5 32. Kh2 Rg6 33.
Nd2 Nxb2 34. Ne4 Nc4 35. Bc7 Rc8 36. Bf4 Rcc6 37. Nf2 Rce6 38. Rc2 Ne5 39. Bxe5
Rxe5 40. Rc8+ Kg7 41. Rc7 Re2 42. h4 Rxf2+ 43. Kh1 Rxf3 44. Rc1 Rh3# 0-1

[Event "Tournoi francophone 019"]
[Site "Skype"]
[Date "????.??.??"]
[Round "1.12"]
[White "Vasquez Cienfuegos, Oscar"]
[Black "Ortis, Yves"]
[Result "1-0"]
[WhiteElo "1389"]
[BlackElo "1147"]
[PlyCount "109"]

1. c4 c5 2. g3 Nc6 3. Bg2 d5 4. cxd5 Nd4 5. d3 b6 6. d6 Rb8 7. dxe7 Bxe7 8. Nc3
Nf6 9. Nf3 Nxf3+ 10. exf3 h6 11. O-O O-O 12. b3 Ba6 13. Bf4 Rc8 14. Rc1 Bxd3
15. Re1 c4 16. Bf1 Ba3 17. bxc4 Bxf1 18. Qxd8 Rfxd8 19. Kxf1 Bxc1 20. Bxc1 Rxc4
21. Bb2 a6 22. a3 Rd2 23. Bc1 Rd3 24. Ne4 Rxf3 25. Nd2 Rfc3 26. Nxc4 Rxc4 27.
h3 a5 28. Be3 b5 29. Rb1 b4 30. axb4 axb4 31. Bd2 Ne4 32. Bxb4 Rc2 33. Be1 Ng5
34. Kg2 Ne4 35. Rb8+ Kh7 36. Re8 Nf6 37. Re7 Kg6 38. Kf1 Nd5 39. Rd7 Nc3 40.
Rc7 Rb2 41. Rxc3 Rb6 42. Rf3 Rf6 43. Rxf6+ Kxf6 44. Bc3+ Kg6 45. f4 f5 46. Kf2
Kf7 47. g4 fxg4 48. hxg4 g6 49. Kg3 Ke6 50. Kh4 Kf7 51. Bb2 Ke6 52. Bg7 Kf7 53.
Bxh6 Ke6 54. Kg5 Kf7 55. f5 1-0

[Event "Tournoi francophone 019"]
[Site "Skype"]
[Date "????.??.??"]
[Round "1.13"]
[White "Rivalta, Paolo"]
[Black "Scata, Laura"]
[Result "0-1"]
[WhiteElo "1143"]
[BlackElo "1370"]
[PlyCount "60"]

1. d4 c6 2. Nf3 d5 3. Bf4 Bf5 4. e3 e6 5. c4 Bd6 6. Bg5 Nf6 7. Nc3 Nbd7 8. cxd5
cxd5 9. Bb5 Be7 10. Ne5 O-O 11. Bxf6 Nxf6 12. O-O a6 13. Ba4 b5 14. Bb3 Rc8 15.
a3 Qb6 16. Re1 a5 17. e4 dxe4 18. Nxe4 Bxe4 19. Rxe4 Nxe4 20. Nd7 Qd8 21. Nxf8
Qxf8 22. Qd3 Nf6 23. Re1 Rd8 24. Bc2 Bc5 25. Qxb5 Bxd4 26. Rb1 Rd5 27. Qe2 Qd8
28. Bb3 Re5 29. Qc4 Re4 30. Qc1 Re2 0-1

[Event "Tournoi francophone 019"]
[Site "Skype"]
[Date "????.??.??"]
[Round "1.14"]
[White "Khabou, Taha"]
[Black "Trapletti, Cosetta"]
[Result "1-0"]
[WhiteElo "1358"]
[BlackElo "1138"]
[PlyCount "45"]

1. d4 d5 2. Bf4 Bf5 3. e3 Nf6 4. Nf3 e6 5. Bd3 Bxd3 6. Qxd3 Nc6 7. Qb5 a6 8.
Qxb7 Bb4+ 9. c3 Ra7 10. Qxc6+ Nd7 11. cxb4 O-O 12. O-O Nf6 13. Nbd2 Qb8 14. a3
Ng4 15. h3 Nf6 16. Ne5 Rd8 17. Qc2 a5 18. bxa5 Rxa5 19. Nc6 Qc8 20. Nxa5 Qb8
21. Nc6 Qc8 22. Ne7+ Kf8 23. Nxc8 1-0

[Event "Tournoi francophone 019"]
[Site "Skype"]
[Date "????.??.??"]
[Round "1.15"]
[White "Vervoort, Jean-Louis"]
[Black "Pouteau, Pascal"]
[Result "0-1"]
[WhiteElo "1127"]
[BlackElo "1349"]
[PlyCount "80"]

1. d4 d5 2. Bf4 Nf6 3. Nd2 Bg4 4. c3 e6 5. Qc2 Bf5 6. Qc1 Bd6 7. Bg3 O-O 8.
Ngf3 Nbd7 9. e3 a6 10. Nh4 Bg4 11. Bd3 Re8 12. Bxd6 cxd6 13. O-O e5 14. dxe5
Nxe5 15. Qc2 Nxd3 16. Qxd3 Ne4 17. Qxd5 Nxd2 18. Qxd2 Qxh4 19. Qxd6 Rad8 20.
Qb4 Qg5 21. Kh1 Rd7 22. g3 Qd5+ 23. Kg1 Bh3 24. f3 Bxf1 25. Rxf1 Rxe3 26. Qf4
Qe5 27. Qc4 Rc7 28. Qa4 Re1 29. Rxe1 Qxe1+ 30. Kg2 Re7 31. Qc4 Qd2+ 32. Kh3
Qd7+ 33. g4 h5 34. a4 Re3 35. Qf4 hxg4+ 36. Qxg4 Rxf3+ 37. Kh4 Qe7+ 38. Qg5
Rf4+ 39. Kh5 g6+ 40. Kh6 Rh4+ 0-1

[Event "Tournoi francophone 019"]
[Site "Skype"]
[Date "????.??.??"]
[Round "1.16"]
[White "Abdulrazzaq, Mohsen"]
[Black "Guillaume, Mickael"]
[Result "1-0"]
[WhiteElo "1346"]
[BlackElo "1126"]
[PlyCount "101"]

1. e4 e5 2. Nf3 Nc6 3. Bc4 Bc5 4. O-O Nf6 5. d3 O-O 6. Bg5 d6 7. h3 Re8 8. Nc3
h6 9. Be3 Be6 10. Bxe6 Rxe6 11. d4 exd4 12. Bxd4 Nxe4 13. Bxc5 Nxc5 14. Re1 Qf6
15. Rxe6 Qxe6 16. Nd4 Nxd4 17. Qxd4 c6 18. Kf1 Nd7 19. Re1 Ne5 20. f4 c5 21.
Qd2 Qc4+ 22. Ne2 Nc6 23. b3 Qe6 24. Ng3 Qd7 25. Ne4 Nd4 26. c3 Nf5 27. Nxc5
Qb5+ 28. Nd3 Ng3+ 29. Kf2 Nf5 30. Nb4 a5 31. Qd5 Qb6+ 32. Kf3 axb4 33. Qxf5
bxc3 34. Re7 Qc6+ 35. Ke2 Rxa2+ 36. Ke3 Qb6+ 37. Kd3 Qa6+ 38. Kxc3 Qa5+ 39.
Qxa5 Rxa5 40. Rxb7 Rc5+ 41. Kd4 Rc2 42. g4 Kf8 43. b4 Re2 44. b5 Re7 45. Rxe7
Kxe7 46. Kd5 Kd7 47. b6 g5 48. f5 f6 49. b7 Kc7 50. Ke6 Kxb7 51. Kxd6 1-0

[Event "Tournoi francophone 019"]
[Site "Skype"]
[Date "????.??.??"]
[Round "1.18"]
[White "Garcia De La Calva, Juan Ramon"]
[Black "Colangelo, Michele"]
[Result "1-0"]
[WhiteElo "1337"]
[BlackElo "1108"]
[PlyCount "35"]

1. e4 c5 2. d4 cxd4 3. c3 dxc3 4. Nxc3 e6 5. Nf3 Nc6 6. Bc4 Bb4 7. O-O Qa5 8.
Bf4 Bxc3 9. bxc3 Qxc3 10. Rc1 Qa5 11. Qe2 Nf6 12. Bd6 e5 13. Ng5 Nd4 14. Bxf7+
Kd8 15. Qd3 h6 16. Nf3 Nxf3+ 17. Qxf3 Rf8 18. Bxf8 1-0

[Event "Tournoi francophone 019"]
[Site "Skype"]
[Date "????.??.??"]
[Round "1.19"]
[White "Lecluyse, Koenraad"]
[Black "Marino, Giuseppe"]
[Result "0-1"]
[WhiteElo "1096"]
[BlackElo "1335"]
[PlyCount "40"]

1. d4 d5 2. Nf3 Bf5 3. Bf4 e6 4. e3 Bd6 5. Bxd6 Qxd6 6. Bd3 Bxd3 7. Qxd3 Nf6 8.
Nbd2 O-O 9. O-O Nbd7 10. e4 dxe4 11. Nxe4 Nxe4 12. Qxe4 c6 13. c3 Nf6 14. Qe5
Qe7 15. Rae1 Rad8 16. h3 Rd5 17. Qf4 a6 18. a4 h6 19. Nh2 Nh5 20. g3 Nxf4 0-1

[Event "Tournoi francophone 019"]
[Site "Skype"]
[Date "????.??.??"]
[Round "1.20"]
[White "Vincent, Andre"]
[Black "Montilla Bejarano, Mey"]
[Result "1/2-1/2"]
[WhiteElo "1332"]
[BlackElo "1088"]
[PlyCount "60"]

1. c4 c5 2. Nc3 e6 3. Nf3 d6 4. g3 g6 5. Bg2 Bg7 6. e3 Bd7 7. d4 cxd4 8. exd4
d5 9. cxd5 exd5 10. O-O Ne7 11. Re1 Nbc6 12. Nxd5 O-O 13. Nxe7+ Nxe7 14. Bg5 f6
15. Bf4 g5 16. Bd6 Rf7 17. Qb3 Nf5 18. Ba3 Bc6 19. Rad1 Bd5 20. Qd3 Nd6 21. b3
b6 22. Nd2 Bxg2 23. Kxg2 Nb5 24. Bb2 Rd7 25. Qc4+ Kh8 26. Nf3 Rc8 27. Qe6 Nc7
28. Qf5 Rd5 29. Re4 Rxf5 30. g4 Rf4 1/2-1/2

[Event "Tournoi francophone 019"]
[Site "Skype"]
[Date "????.??.??"]
[Round "1.21"]
[White "Wildt, Gerti"]
[Black "Le Brun, Yves"]
[Result "0-1"]
[WhiteElo "1067"]
[BlackElo "1321"]
[PlyCount "62"]

1. c4 e6 2. Nc3 Nf6 3. e4 Nc6 4. Nf3 b6 5. d3 Bb7 6. Bg5 Be7 7. Be2 h6 8. Bh4
Nh7 9. Bxe7 Qxe7 10. O-O Ng5 11. Nb5 d6 12. Qd2 Nxf3+ 13. Bxf3 a6 14. Na3 Nd4
15. Qe3 e5 16. Rac1 h5 17. Nc2 c5 18. Nxd4 cxd4 19. Qe2 Qg5 20. Rcd1 Bc8 21.
Qc2 Bg4 22. Qd2 Qxd2 23. Rxd2 Bxf3 24. gxf3 g5 25. h3 Ke7 26. Rc1 Rag8 27. b4
g4 28. h4 gxf3+ 29. Kf1 Rg2 30. c5 Rhg8 31. cxd6+ Kxd6 0-1

[Event "Tournoi francophone 019"]
[Site "Skype"]
[Date "????.??.??"]
[Round "1.22"]
[White "Duthoit, Bernard"]
[Black "Abate, Luigi"]
[Result "1-0"]
[WhiteElo "1320"]
[BlackElo "1066"]
[PlyCount "41"]

1. e4 e5 2. Nf3 Nc6 3. Bc4 Bc5 4. d3 d6 5. Ng5 f6 6. Nf7 Qe7 7. Nxh8 Nh6 8.
Bxh6 gxh6 9. Qh5+ Kd8 10. Nf7+ Kd7 11. Qh3+ Ke8 12. Qxh6 b5 13. Bb3 Be6 14.
Bxe6 Qxe6 15. Qxh7 f5 16. Qg8+ Ke7 17. Qxa8 Qxf7 18. Qxc6 fxe4 19. Qxc7+ Kf8
20. Qxf7+ Kxf7 21. O-O 1-0

[Event "Tournoi francophone 019"]
[Site "Skype"]
[Date "????.??.??"]
[Round "1.23"]
[White "Tolaro, Filippa"]
[Black "Prieto Umba, Jairo Ovidio"]
[Result "0-1"]
[WhiteElo "1048"]
[BlackElo "1317"]
[PlyCount "76"]

1. Nf3 Nc6 2. d4 d5 3. b3 e6 4. Bb2 Nf6 5. e3 Bb4+ 6. Nbd2 Ne4 7. Bd3 Nd6 8.
O-O O-O 9. a3 Ba5 10. c4 Bxd2 11. Qxd2 dxc4 12. bxc4 b6 13. Qc3 Qf6 14. Ne5 Ne7
15. Ng4 Qg5 16. h3 f5 17. f4 Qg6 18. d5 h5 19. Nh6+ Qxh6 20. Rf3 h4 21. g3 Bb7
22. Kf2 exd5 23. gxh4 Rf7 24. Rg3 dxc4 25. Bxc4 Ne4+ 26. Ke2 Nxc3+ 27. Bxc3 Bd5
28. Bb5 a6 29. Bd3 Qc6 30. Bb4 Bc4 31. Bxe7 Bxd3+ 32. Kxd3 Qe4+ 33. Kc3 Rxe7
34. Rag1 Rd8 35. h5 Qd3+ 36. Kb2 Qd2+ 37. Kb3 Rd3+ 38. Kc4 Re4# 0-1

[Event "Tournoi francophone 019"]
[Site "Skype"]
[Date "????.??.??"]
[Round "1.24"]
[White "Hargez, Dany"]
[Black "Ibanez, Bittor"]
[Result "0-1"]
[WhiteElo "1296"]
[BlackElo "1047"]
[PlyCount "100"]

1. e4 c5 2. Nf3 a6 3. Bc4 Nc6 4. d3 Na5 5. Bxf7+ Kxf7 6. Ng5+ Ke8 7. Qf3 Nh6 8.
Nh3 Nf7 9. O-O Nc6 10. Nc3 Nd4 11. Qh5 d6 12. Ng5 g6 13. Qd1 h6 14. Nxf7 Kxf7
15. Be3 e6 16. Bxd4 cxd4 17. Qf3+ Qf6 18. Ne2 Qxf3 19. gxf3 e5 20. Kh1 g5 21.
c3 Bh3 22. Rg1 dxc3 23. Nxc3 Be6 24. Rg3 Rg8 25. Rag1 Be7 26. h3 h5 27. R3g2
Bxh3 28. Rh2 g4 29. f4 exf4 30. Nd5 f3 31. Nf4 h4 32. Nh5 Bg2+ 33. Rgxg2 fxg2+
34. Rxg2 h3 35. Rg1 Bh4 36. Rf1 Kg6 37. Nf4+ Kg5 38. Ne6+ Kf6 39. Nf4 Rac8 40.
Nd5+ Ke6 41. Nc3 Rgf8 42. d4 Rxf2 43. d5+ Ke5 44. Rg1 g3 45. Re1 Rh2+ 46. Kg1
Rf2 47. Kh1 Rxb2 48. Rf1 Rxc3 49. Ra1 Bg5 50. Rf1 g2+ 0-1

[Event "Tournoi francophone 019"]
[Site "Skype"]
[Date "????.??.??"]
[Round "1.25"]
[White "Schnell, Nicolas"]
[Black "De Coninck, Philippe"]
[Result "1-0"]
[WhiteElo "1035"]
[BlackElo "1290"]
[PlyCount "29"]

1. e4 c6 2. Nc3 Nf6 3. Nf3 d6 4. e5 dxe5 5. Nxe5 e6 6. Be2 Nbd7 7. Nc4 b5 8.
Ne3 Bd6 9. Ng4 Nxg4 10. Bxg4 Qc7 11. Qf3 Bb7 12. Ne4 O-O 13. Qd3 Be5 14. Ng5
Rad8 15. Qxh7# 1-0

[Event "Tournoi francophone 019"]
[Site "Skype"]
[Date "????.??.??"]
[Round "1.26"]
[White "Moumtaz, Abderrahim"]
[Black "Gerbaux, Regis"]
[Result "1-0"]
[WhiteElo "1279"]
[BlackElo "1024"]
[PlyCount "45"]

1. d4 d5 2. c4 c6 3. cxd5 cxd5 4. Nf3 Nc6 5. Nc3 Bf5 6. Qb3 b6 7. Nxd5 e6 8.
Ne3 Be4 9. a3 Nf6 10. Nd1 Qd7 11. e3 Be7 12. Bb5 O-O 13. Ne5 Qc7 14. Nxc6 Bxc6
15. Bxc6 Qxc6 16. O-O Rae8 17. Nc3 Rd8 18. Re1 Rfe8 19. Bd2 Bd6 20. Nb5 Bb8 21.
Rac1 Qe4 22. f3 Qe5 23. dxe5 1-0

[Event "Tournoi francophone 019"]
[Site "Skype"]
[Date "????.??.??"]
[Round "1.27"]
[White "De Fazio, Monica"]
[Black "Codina, Teresa"]
[Result "1-0"]
[WhiteElo "1020"]
[BlackElo "1274"]
[PlyCount "65"]

1. d4 d5 2. Nf3 e6 3. g3 Nf6 4. Bg2 Be7 5. O-O O-O 6. c4 c6 7. Nbd2 Nbd7 8. b3
a5 9. Bb2 c5 10. cxd5 Nxd5 11. e4 Nb4 12. Ne1 cxd4 13. Bxd4 e5 14. Bc3 b5 15.
Bxb4 axb4 16. Nd3 Bb7 17. Rc1 Rxa2 18. Nxb4 Bxb4 19. Rc2 Ra8 20. Qc1 Bd6 21.
Rd1 Qe7 22. Nb1 Nf6 23. Nc3 b4 24. Nd5 Bxd5 25. exd5 e4 26. Rc4 h5 27. Rdd4
Rfc8 28. Rxc8+ Rxc8 29. Qxc8+ Qe8 30. Qxe8+ Nxe8 31. Rxe4 Nf6 32. Rc4 Nxd5 33.
Bxd5 1-0

[Event "Tournoi francophone 019"]
[Site "Skype"]
[Date "????.??.??"]
[Round "1.28"]
[White "Cengiz, Ali Ekber"]
[Black "Akli, Dimitri"]
[Result "1-0"]
[WhiteElo "1266"]
[BlackElo "1000"]
[PlyCount "49"]

1. e4 e5 2. Nf3 Nc6 3. Bc4 Nf6 4. Nc3 d6 5. h3 Be6 6. Be2 Nd4 7. Bb5+ c6 8. Ba4
b5 9. Bb3 Nxb3 10. cxb3 Qa5 11. b4 Qxb4 12. O-O Nxe4 13. Nxe4 Qxe4 14. Ng5 Qf5
15. d3 d5 16. Qe2 Bd6 17. Bd2 e4 18. dxe4 Qe5 19. f4 Bc5+ 20. Be3 Qd6 21. exd5
Qxd5 22. f5 Qxf5 23. Rxf5 Bxf5 24. Bxc5+ Kd8 25. Nxf7+ 1-0

[Event "Tournoi francophone 019"]
[Site "Skype"]
[Date "????.??.??"]
[Round "1.29"]
[White "Alcaraz Acosta, Luisa Montserrat"]
[Black "Bucherie, Volcy"]
[Result "0-1"]
[WhiteElo "1000"]
[BlackElo "1264"]
[PlyCount "30"]

1. e4 c6 2. Nf3 d5 3. d3 Nd7 4. exd5 cxd5 5. Nd4 e5 6. Nf5 Bc5 7. a3 Qb6 8. Bf4
Bxf2+ 9. Kd2 exf4 10. Qe2+ Be3+ 11. Kd1 Ne5 12. Nd6+ Qxd6 13. Nc3 Bg4 14. Qxg4
Nxg4 15. h3 Nf2+ 0-1

[Event "Tournoi francophone 019"]
[Site "Skype"]
[Date "????.??.??"]
[Round "1.30"]
[White "Briere, Jean"]
[Black "Cassano, Mariangela"]
[Result "1-0"]
[WhiteElo "1259"]
[BlackElo "1000"]
[PlyCount "26"]

1. d4 d5 2. Nf3 e6 3. Bf4 Be7 4. Nc3 Nf6 5. Nb5 Bb4+ 6. c3 Be7 7. Nxc7+ Qxc7 8.
Bxc7 Nbd7 9. e3 b6 10. Bb5 O-O 11. O-O Bb7 12. Bxd7 Ba6 13. Re1 Ne4 1-0

[Event "Tournoi francophone 019"]
[Site "Skype"]
[Date "????.??.??"]
[Round "1.31"]
[White "Dida, Brahim"]
[Black "Sauvaget, Joel"]
[Result "0-1"]
[WhiteElo "1000"]
[BlackElo "1255"]
[PlyCount "50"]

1. e4 e5 2. Nc3 a6 3. Nf3 d6 4. Bd3 Nf6 5. O-O Be7 6. h3 Nc6 7. a3 O-O 8. b4
Be6 9. b5 axb5 10. Nxb5 Bd7 11. Bc4 Na5 12. Qe2 Nxc4 13. Qxc4 Bc6 14. d3 Qd7
15. a4 Bxb5 16. Qb3 Bc6 17. a5 Ra6 18. Bd2 Rfa8 19. d4 exd4 20. Nxd4 Bxe4 21.
Rfc1 b6 22. Nb5 bxa5 23. Bxa5 Rxa5 24. Rxa5 Rxa5 25. Qb4 Rxb5 0-1

[Event "Tournoi francophone 019"]
[Site "Skype"]
[Date "????.??.??"]
[Round "1.32"]
[White "Gharbi, Said"]
[Black "Fabre, Gregory"]
[Result "1-0"]
[WhiteElo "1252"]
[BlackElo "1000"]
[PlyCount "93"]

1. e4 c5 2. c3 Nf6 3. e5 Nd5 4. d4 cxd4 5. cxd4 e6 6. Bc4 Bb4+ 7. Bd2 Qc7 8.
Bxd5 exd5 9. Bxb4 Nc6 10. Ba3 d6 11. exd6 Qa5+ 12. Nd2 O-O 13. d7 Bxd7 14. Bxf8
Kxf8 15. Ngf3 Re8+ 16. Kf1 Qb4 17. Qb3 Qe7 18. Re1 Qd6 19. Rxe8+ Kxe8 20. Qxb7
Bf5 21. Ke1 Bc2 22. Ke2 Qe6+ 23. Kf1 Bd1 24. Kg1 Nxd4 25. Qb8+ Ke7 26. Qxa7+
Kf6 27. Qxd4+ Kf5 28. g4+ Kg6 29. Ne5+ Kf6 30. Kg2 Be2 31. Qf4+ Ke7 32. Re1 Bd3
33. Nc6+ Kd7 34. Rxe6 fxe6 35. Ne5+ Kd6 36. Nxd3+ e5 37. Nxe5 g6 38. Nxg6+ Kc5
39. Ne5 d4 40. Nb3+ Kd5 41. Qxd4+ Ke6 42. a4 Kf6 43. Kf3 Kg5 44. Kg3 Kf6 45.
Kf4 Ke6 46. a5 h6 47. a6 1-0

[Event "Tournoi francophone 019"]
[Site "Skype"]
[Date "????.??.??"]
[Round "1.34"]
[White "L'Herbon De Lussats, Jean"]
[Black "Lea, Mary"]
[Result "1-0"]
[WhiteElo "1233"]
[BlackElo "1000"]
[PlyCount "25"]

1. c4 e6 2. Nc3 Nf6 3. g3 Bc5 4. Bg2 O-O 5. e3 c6 6. d4 Bb6 7. c5 Ba5 8. a3
Bxc3+ 9. bxc3 d6 10. cxd6 Qxd6 11. a4 e5 12. Ba3 Qd8 13. Bxf8 1-0

[Event "Tournoi francophone 019"]
[Site "Skype"]
[Date "????.??.??"]
[Round "1.36"]
[White "Rodriguez, Nathalie"]
[Black "Soubrier, Laure"]
[Result "1-0"]
[WhiteElo "1224"]
[BlackElo "1000"]
[PlyCount "59"]

1. d4 d5 2. Bf4 e6 3. Nc3 Bb4 4. Bd2 Nc6 5. a3 Bxc3 6. Bxc3 Nf6 7. h3 O-O 8. e3
Re8 9. Nf3 Ne4 10. Bd3 e5 11. Nxe5 Nxe5 12. dxe5 Rxe5 13. Bxe5 Ng5 14. Qh5 Be6
15. Bf4 Ne4 16. f3 Nf6 17. Qh4 c5 18. Be5 Ne8 19. Qxh7+ Kf8 20. O-O-O c4 21.
Bxc4 Nc7 22. Qxg7+ Ke7 23. Bf6+ Kd7 24. Bxd8 Rxd8 25. e4 Kc6 26. exd5+ Nxd5 27.
Qd4 b5 28. Bxd5+ Bxd5 29. Qf6+ Kc5 30. Qxd8 1-0

[Event "Tournoi francophone 019"]
[Site "Skype"]
[Date "????.??.??"]
[Round "1.37"]
[White "Warin, Benjamin"]
[Black "Le Bouill, Pierre"]
[Result "1-0"]
[WhiteElo "1000"]
[BlackElo "1223"]
[PlyCount "95"]

1. e4 d5 2. e5 d4 3. c3 c5 4. Qf3 Nc6 5. cxd4 Nxd4 6. Kd1 Nxf3 7. Nxf3 b6 8.
Bb5+ Bd7 9. Nc3 e6 10. d4 Bxb5 11. Nxb5 cxd4 12. Re1 f6 13. exf6 Qxf6 14. Nc7+
Kd7 15. Nxa8 Bb4 16. Bd2 Bxd2 17. Kxd2 Ne7 18. Rad1 Rxa8 19. Kc1 Rc8+ 20. Kb1
Nc6 21. Rd2 Qf5+ 22. Ka1 Nb4 23. Rxd4+ Ke7 24. Rxb4 Qc5 25. a3 Qxf2 26. Ra4 Rc7
27. Rae4 Rc6 28. Ng5 Qf6 29. Nxh7 Qh4 30. Rxh4 a5 31. Ng5 Kf6 32. Ne4+ Kf5 33.
Ng3+ Kg5 34. Rhe4 Kf6 35. b4 axb4 36. axb4 b5 37. Re5 Ra6+ 38. Kb1 Rb6 39. R5e2
g6 40. h4 Rd6 41. h5 Rd3 42. Re3 Rd2 43. h6 Rxg2 44. h7 Rh2 45. Rf1+ Ke7 46.
Rfe1 Rxh7 47. Rxe6+ Kd7 48. Rxg6 1-0

[Event "Tournoi francophone 019"]
[Site "Skype"]
[Date "????.??.??"]
[Round "2.1"]
[White "Deville, Olivier"]
[Black "Duthoit, Bernard"]
[Result "1-0"]
[WhiteElo "1751"]
[BlackElo "1320"]
[PlyCount "31"]

1. d4 d5 2. c4 dxc4 3. Nf3 Nf6 4. e3 b6 5. Bxc4 Bb7 6. O-O e6 7. Nc3 c5 8. Qe2
a6 9. Rd1 Nbd7 10. e4 cxd4 11. Nxd4 e5 12. Nf5 Be7 13. Nxg7+ Kf8 14. Bh6 Kg8
15. Qf3 Bxe4 16. Nxe4 1-0